| 000 | 00763cam a2200205 4500 | ||
|---|---|---|---|
| 001 | WB3738-26 | ||
| 008 | 011011n2001 000 0 eng u | ||
| 035 | _a(Sirsi) u115067 | ||
| 245 | _aContractors upbeat | ||
| 260 | _c2001 | ||
| 490 |
_aContract Journal _v410(6348) 10 October 2001, 1(1) |
||
| 520 | _aRail contractors have responded positively to Railtrack's collapse, and current maintenance and major projects are thought to be secure. Although there are some risks to future projects, the industry has welcomed government intervention. Lists government proposals. | ||
| 590 | _aWB | ||
| 650 | _aRAILTRACK | ||
| 650 | _aCONTRACTORS | ||
| 650 | _aRAIL NETWORK | ||
| 650 | _aRAIL PROJECTS | ||
| 690 | _aTRANSPORT AND COMMUNICATIONS | ||
| 942 | _n0 | ||
| 999 |
_c68542 _d68542 |
||